01283cam a22002414a 450000100090000000300040000900500170001300800410003001000170007102000180008804000170010605000140012324500780013724600180021525000120023326000470024530000420029244000320033450400510036650505860041765000190100370000190102216098544OSt20220927112248.0100219s2009 enka b 001 0 eng  a 2010286353 a9780199579433 aDLCcLCdDLC00aRA425.O9 00aOxford textbook of public health. /cedited by Roger Detels ... [et al.].30aPublic health a5th ed. aNew York:bOxford University Press,c2009. a1 v. (xxiv, 392 p.) :bill. ;c29 cm. 0aOxford medical publications aIncludes bibliographical references and index.0 aContents: The scope of public health -- The development of the discipline of public health -- Determinants of health and disease -- Public health policies -- Public health law and ethics -- The methods of public health -- Information systems and sources of intelligence -- Epidemiological and biostatistical approaches -- Social science techniques -- Environmental and occupational health sciences -- The practice of public health -- Major health problems -- Prevention and control of public health hazards -- Public health needs of population groups -- Public health functions --  0aPublic health.1 aDetels, Roger.